<?xml version="1.0" encoding="UTF-8"?>
<record
    xmlns:xsi="http://www.w3.org/2001/XMLSchema-instance"
    xsi:schemaLocation="http://www.loc.gov/MARC21/slim http://www.loc.gov/standards/marcxml/schema/MARC21slim.xsd"
    xmlns="http://www.loc.gov/MARC21/slim">

  <leader>00553nam a22001937a 4500</leader>
  <controlfield tag="005">20250304091554.0</controlfield>
  <controlfield tag="008">250304b        |||||||| |||| 00| 0 eng d</controlfield>
  <datafield tag="020" ind1=" " ind2=" ">
    <subfield code="a">9789360780197</subfield>
  </datafield>
  <datafield tag="040" ind1=" " ind2=" ">
    <subfield code="a">IN-DiNC</subfield>
    <subfield code="c">IN-DiNC</subfield>
  </datafield>
  <datafield tag="041" ind1=" " ind2=" ">
    <subfield code="d">asm</subfield>
  </datafield>
  <datafield tag="082" ind1=" " ind2=" ">
    <subfield code="a">339</subfield>
    <subfield code="b">PRI</subfield>
  </datafield>
  <datafield tag="100" ind1=" " ind2=" ">
    <subfield code="a">Priyadarshini, Susmita</subfield>
    <subfield code="e">author</subfield>
  </datafield>
  <datafield tag="245" ind1=" " ind2=" ">
    <subfield code="a">Samastigata arthabigyan parichay (Major2)/</subfield>
    <subfield code="c">by Susmita Priyadarshini</subfield>
  </datafield>
  <datafield tag="250" ind1=" " ind2=" ">
    <subfield code="a">1st ed.</subfield>
  </datafield>
  <datafield tag="260" ind1=" " ind2=" ">
    <subfield code="a">Guwahati:</subfield>
    <subfield code="b">Ashok publication,</subfield>
    <subfield code="c">2024.</subfield>
  </datafield>
  <datafield tag="300" ind1=" " ind2=" ">
    <subfield code="a">240p.</subfield>
  </datafield>
  <datafield tag="650" ind1=" " ind2=" ">
    <subfield code="a">Introductory macroeconomics (Major2)</subfield>
  </datafield>
  <datafield tag="942" ind1=" " ind2=" ">
    <subfield code="2">ddc</subfield>
    <subfield code="c">BK</subfield>
  </datafield>
  <datafield tag="999" ind1=" " ind2=" ">
    <subfield code="c">12138</subfield>
    <subfield code="d">12138</subfield>
  </datafield>
  <datafield tag="952" ind1=" " ind2=" ">
    <subfield code="0">0</subfield>
    <subfield code="1">0</subfield>
    <subfield code="2">ddc</subfield>
    <subfield code="4">0</subfield>
    <subfield code="7">0</subfield>
    <subfield code="8">ECO</subfield>
    <subfield code="a">MAIN</subfield>
    <subfield code="b">MAIN</subfield>
    <subfield code="c">GEN</subfield>
    <subfield code="d">2025-03-04</subfield>
    <subfield code="g">295.00</subfield>
    <subfield code="l">5</subfield>
    <subfield code="o">339 PRI</subfield>
    <subfield code="p">30604</subfield>
    <subfield code="q">2026-05-16</subfield>
    <subfield code="r">2026-04-28 08:15:14</subfield>
    <subfield code="s">2026-04-28</subfield>
    <subfield code="t">1</subfield>
    <subfield code="w">2025-03-04</subfield>
    <subfield code="y">BK</subfield>
  </datafield>
  <datafield tag="952" ind1=" " ind2=" ">
    <subfield code="0">0</subfield>
    <subfield code="1">0</subfield>
    <subfield code="2">ddc</subfield>
    <subfield code="4">0</subfield>
    <subfield code="7">0</subfield>
    <subfield code="8">ECO</subfield>
    <subfield code="a">MAIN</subfield>
    <subfield code="b">MAIN</subfield>
    <subfield code="c">GEN</subfield>
    <subfield code="d">2025-03-04</subfield>
    <subfield code="g">295.00</subfield>
    <subfield code="l">6</subfield>
    <subfield code="o">339 PRI</subfield>
    <subfield code="p">30605</subfield>
    <subfield code="q">2026-04-18</subfield>
    <subfield code="r">2026-03-26 07:26:59</subfield>
    <subfield code="s">2026-03-26</subfield>
    <subfield code="t">2</subfield>
    <subfield code="w">2025-03-04</subfield>
    <subfield code="y">BK</subfield>
  </datafield>
  <datafield tag="952" ind1=" " ind2=" ">
    <subfield code="0">0</subfield>
    <subfield code="1">0</subfield>
    <subfield code="2">ddc</subfield>
    <subfield code="4">0</subfield>
    <subfield code="7">0</subfield>
    <subfield code="8">ECO</subfield>
    <subfield code="a">MAIN</subfield>
    <subfield code="b">MAIN</subfield>
    <subfield code="c">GEN</subfield>
    <subfield code="d">2025-03-04</subfield>
    <subfield code="g">295.00</subfield>
    <subfield code="l">4</subfield>
    <subfield code="o">339 PRI</subfield>
    <subfield code="p">30606</subfield>
    <subfield code="q">2026-04-10</subfield>
    <subfield code="r">2026-03-23 06:51:07</subfield>
    <subfield code="s">2026-03-23</subfield>
    <subfield code="t">3</subfield>
    <subfield code="w">2025-03-04</subfield>
    <subfield code="y">BK</subfield>
  </datafield>
</record>
